| Tag |
First Indicator |
Second Indicator |
Subfields |
| LEADER |
00000cam a2200000 4500 |
| 001 |
in00000312421 |
| 005 |
20151010144906.0 |
| 008 |
721211s1950 maua b 00000 eng |
| 010 |
|
|
|a 50010663
|
| 035 |
|
|
|a (OCoLC)00511712
|
| 035 |
|
|
|9 ABH6978AM
|
| 040 |
|
|
|c KSU
|d TXA
|d UtOrBLW
|
| 041 |
1 |
|
|a eng
|a ger
|
| 049 |
|
|
|a TXAM
|c 1 [188649]
|c 2 [215100]
|c 3 [215101]
|c 4 [215102]
|
| 050 |
0 |
0 |
|a QC861
|b .G453
|
| 100 |
1 |
|
|a Geiger, Rudolf,
|d 1894-1981.
|
| 245 |
1 |
4 |
|a The climate near the ground /
|c A translation by Milroy N. Stewart and others, of the 2d German ed. of Das Klima der Bodennahen Luftschicht, with revisions and enlargements by the author.
|
| 264 |
|
1 |
|a Cambridge :
|b Published for Blue Hill Meteorological Observatory, Harvard University, by Harvard University Press,
|c 1950.
|
| 300 |
|
|
|a xxi, 482 pages :
|b illustrations ;
|c 22 cm.
|
| 336 |
|
|
|a text
|b txt
|2 rdacontent
|
| 337 |
|
|
|a unmediated
|b n
|2 rdamedia
|
| 338 |
|
|
|a volume
|b nc
|2 rdacarrier
|
| 504 |
|
|
|a Bibliography: pages [413]-462.
|
| 650 |
|
0 |
|a Meteorology.
|
| 650 |
|
0 |
|a Meteorology, Agricultural.
|
| 999 |
|
|
|a MARS
|
| 999 |
f |
f |
|s 258e286f-fb9d-3a13-a4bd-aa9b8c0722b4
|i e56e457d-db8a-35f6-a35e-262d18ad120d
|t 0
|
| 952 |
f |
f |
|p ric
|a Texas A&M University
|b Rellis Campus
|c Joint Library Facility
|s JLF
|d Remote Storage
|t 0
|e QC861 .G453
|h Library of Congress classification
|i unmediated -- volume
|m A14804657652
|
| 998 |
f |
f |
|a QC861 .G453
|t 0
|l Remote Storage
|